| 000 | 00462nam a2200145 4500 | ||
|---|---|---|---|
| 999 |
_c513009 _d513009 |
||
| 008 | 200108b ||||| |||| 00| 0 eng d | ||
| 100 |
_aSrivastava, Kamal Kumar _915227 |
||
| 245 | _aBharatiya prashasan mei ganthbandhan sarkaro ki bhumika | ||
| 260 | _bLok Prashasan | ||
| 300 | _a11(2), Jul-Dec, 2019: p.212-224. | ||
| 650 |
_aPublic administration - India _915228 |
||
| 773 | _aLok Prashasan | ||
| 906 | _aCoalition government - India | ||
| 942 |
_2ddc _cAR |
||